[Event "Mumbai Mayors Cup 2nd"]
[Site "Mumbai"]
[Date "2009.05.01"]
[Round "1"]
[White "Kostenko, Petr"]
[Black "Sivakumar, P."]
[Result "1-0"]
[WhiteElo "2490"]
[BlackElo "1784"]
[PlyCount "35"]
[EventDate "2009.05.01"]
[EventType "swiss"]
[EventRounds "11"]
[EventCountry "IND"]
[SourceTitle "CBM 130 Extra"]
[Source "ChessBase"]
[SourceDate "2009.07.02"]
[SourceVersion "2"]
[SourceVersionDate "2009.07.15"]
[SourceQuality "1"]

1. e4 c5 2. Nf3 Nc6 3. d4 cxd4 4. Nxd4 e6 5. Nb5 a6 6. Nd6+ Bxd6 7. Qxd6 Qe7 8. Qg3 Qf6 9. Nc3 b5 10. Bd3 Ne5 11. Bxb5 axb5 12. Nxb5 Ra4 13. Nd6+ Kf8 14. Bg5 Rxe4+ 15. Nxe4 Qf5 16. Nd6 Qxc2 17. Qxe5 f6 18. Qa5 1-0

[Event "New Delhi Parsvnath op 7th"]
[Site "New Delhi"]
[Date "2009.01.11"]
[Round "1"]
[White "Sivakumar, P."]
[Black "Nitin, Senthilvel"]
[Result "0-1"]
[WhiteElo "1783"]
[BlackElo "2365"]
[PlyCount "46"]
[EventDate "2009.01.11"]
[EventType "swiss"]
[EventRounds "10"]
[EventCountry "IND"]
[SourceTitle "CBM 128 Extra"]
[Source "ChessBase"]
[SourceDate "2009.03.05"]
[SourceVersion "2"]
[SourceVersionDate "2009.03.25"]
[SourceQuality "1"]

1. e4 c5 2. Nf3 d6 3. d4 cxd4 4. Nxd4 Nf6 5. Nc3 a6 6. Be2 e5 7. Nb3 Be7 8. Be3 Be6 9. g4 h6 10. f4 exf4 11. Bxf4 Nc6 12. 0-0 0-0 13. Kh1 b5 14. g5 hxg5 15. Bxg5 b4 16. Bxf6 Bxf6 17. Nd5 Bxb2 18. Rb1 Be5 19. Bg4 Qh4 20. h3 Qg3 21. Qe2 Rae8 22. Rg1 Bxg4 23. hxg4 Qh3+ 0-1